000
00243nam a2200097Ia 4500
001
1166585
005
20250827011803.0
008
250824s9999 xx 000 0 und d
245
0
_a
KURTLAR SOFRASINDA
_c
HANS FALLADA
260
_b
KETEBE YAYINLARI
999
_c
1166585
_d
1166585